Essays in European and Oriental literature /

Bibliographic Details
Main Author: Hearn, Lafcadio, 1850-1904
Other Authors: Mordell, Albert, 1885-1965
Format: Book
Language:English
Published: London : W. Heinemann, 1923.
Subjects:

MARC

Tag First Indicator Second Indicator Subfields
LEADER 00000cam a2200000 4500
001 in00000027329
005 20151007061315.0
008 790105s1923 enk 00010 eng d
035 |a (OCoLC)04519194 
035 |9 AAD1738AM 
040 |a NRC  |c NRC  |d TXA  |d UtOrBLW 
049 |a TXAM  |c [213506] 
090 |a PN511  |b .H34 
092 |a 804  |b H436e 
100 1 |a Hearn, Lafcadio,  |d 1850-1904. 
245 1 0 |a Essays in European and Oriental literature /  |c by Lafcadio Hearn; arranged and editas printed] by Albert Mordell. 
264 1 |a London :  |b W. Heinemann,  |c 1923. 
300 |a xiii pages, 3 ., 3-339 pages ;  |c 20 cm. 
336 |a text  |b txt  |2 rdacontent 
337 |a unmediated  |b n  |2 rdamedia 
338 |a volume  |b nc  |2 rdacarrier 
650 0 |a Literature. 
700 1 |a Mordell, Albert,  |d 1885-1965. 
999 |a MARS 
999 f f |s 005affe7-bbbc-333e-b665-5397bbc3437a  |i b8fad87a-dbc9-3f0a-8d30-7c4bd838bddc  |t 0 
952 f f |p ric  |a Texas A&M University  |b Rellis Campus  |c Joint Library Facility  |d Remote Storage  |t 0  |e PN511 .H34  |h Library of Congress classification  |i unmediated -- volume  |m A14801192085 
998 f f |a PN511 .H34  |t 0  |l Remote Storage